000
00303nam a22001217a 4500
008
171009b xxu||||| |||| 00| 0 eng d
041
_a
eng
080
_2
5 ED
_a
159.9
100
_a
49
101
_a
PSI
245
_a
PUBLICATION MANUAL OF THE PSYCHOLOGICAL ASSOCIATION
_c
ROBERTS.J
942
_2
udc
_c
BK
999
_c
32552
_d
32552